00801nam a22002057a 4500999001900000005001700019010001500036020002600051035001400077037001300091082001100104100002500115245010100140260004500241270006400286300002300350500005000373942003100423952014100454 c173187d17318720200220105028.0 aENG-127902 c845.00a9780199489640 aEN-111434 bDBAD/PUB a336.54 aZorawar Daulet Singh a Power and diplomacy : cZorawar Daulet SinghbIndia's foreign policies during the Cold War/ aNew Delhic2019bOxford University Press a2/11 Ground Floor,Ansari Road,Dariyaganje110002bNew Delhi axiii;398p.b22(hb) aincludes bibliographical references and index 2ddccENhZORk327.54009045 001040708NFICaLbLd2020-02-20eDBAD/PUBg845.00l14m13oZORpEN-111434r2024-09-17 00:00:00s2024-08-24t1v845.00w2020-02-20yEN